История грамматики китайского языка: учебное пособие

Detalles Bibliográficos
Autor principal: Ван Ли
Sumario:Книга на китайском языке.
Lenguaje:chino
Publicado: Пекин, Коммерческое изд-во, 2005
Colección:Библиотека Китая
Materias:
Formato: Libro
KOHA link:https://koha.lib.tpu.ru/cgi-bin/koha/opac-detail.pl?biblionumber=118270

MARC

LEADER 00000nam0a2200000 4500
001 118270
005 20231101215447.0
010 |a 7100044502 
035 |a (RuTPU)RU\TPU\book\127988 
090 |a 118270 
100 |a 20070609d2005 m y0rusy50 ca 
101 0 |a chi 
102 |a CN 
105 |a y j 000zy 
200 1 |a История грамматики китайского языка  |e учебное пособие  |f Ван Ли 
210 |a Пекин  |c Коммерческое изд-во  |d 2005 
215 |a 348 с. 
225 1 |a Библиотека Китая 
300 |a Книга на китайском языке. 
606 1 |a Китайский язык  |x Учебники и учебные пособия  |2 stltpush  |3 (RuTPU)RU\TPU\subj\73823  |9 86580 
610 1 |a учебные пособия 
610 1 |a грамматика 
610 1 |a грамматическая мысль 
610 1 |a история 
686 |a Ш171.11-923.2  |v LBC/SL-A  |2 rubbk 
700 0 |a Ван Ли 
801 1 |a RU  |b 63413507  |c 20070609  |g PSBO 
801 2 |a RU  |b 63413507  |c 20220602  |g PSBO 
942 |c BK